[Event "Asian Academies Hybrid Chess-ch 2021"]
[Site "Tornelo"]
[Date "2021.11.21"]
[Round "2.1"]
[White "Sakline Mostafa, Sajid"]
[Black "Mohammadi, Mohamad Amin"]
[Result "1-0"]
[WhiteElo "1988"]
[BlackElo "1855"]
[Annotator "TA"]
[PlyCount "63"]
[EventDate "2021.11.21"]
[EventCountry "NET"]
[SourceTitle "playchess.com"]
[Source "ChessBase"]
[SourceQuality "1"]

{[%evp 18,63,23,-30,-24,-25,18,18,97,79,100,-9,79,62,263,287,294,311,277,288,334,329,334,250,263,240,222,233,210,239,382,371,470,460,514,512,606,614,614,614,648,650,1519,1301,29995,29996,29996,29986]} 1. d4 Nf6 2. c4 g6 3. Nc3 Bg7 4. e4 d6 5. f3 O-O 6. Be3 Nc6 7. Nge2 a6 8. Qd2 Rb8 9. d5 {9.Rc1 is becoming the main line.} Ne5 10. Nd4 (10. b3 $142) 10... c5 $11 {E84: King's Indian: Sämisch Panno: 7 Nge2 a6 8 Qd2 Rb8.} 11. Nc2 Bd7 12. a4 {[%cal Ba2a4,Ba4b5][%mdl 32]} b5 (12... Nh5 $11 {keeps the balance.}) 13. cxb5 (13. axb5 {with more complications.} axb5 14. cxb5 Ne8 15. Be2 Nc7 16. Ra5) 13... axb5 14. Nxb5 (14. axb5 $16 Ne8 15. Be2) 14... Bxb5 (14... e6 $1 $11) 15. Bxb5 Rxb5 $2 {[#] This move loses the game for Black.} 16. axb5 $18 Nc4 17. Qe2 Nxe3 18. Nxe3 {[#]} Nh5 $146 ({Predecessor:} 18... e6 19. dxe6 fxe6 20. O-O d5 21. Rfd1 Qe7 22. Nf1 dxe4 23. fxe4 Nh5 24. e5 Qg5 {1-0 (40) Shulga,J (2255)-Sychevskyy,A (1883) Alushta 2011}) 19. O-O Nf4 20. Qc4 Bxb2 21. Ra6 Bd4 22. Re1 e6 23. Kh1 Qg5 (23... Bxe3 {keeps fighting.} 24. Rxe3 exd5 25. exd5 Qg5) 24. g3 Bxe3 25. Rxe3 Nh3 26. Re1 Qh5 {[%cal Rh5f3] [#]} 27. Rf1 Ng5 28. f4 exd5 29. exd5 ({Not} 29. Qxd5 Qe2 $18) 29... Re8 30. fxg5 Re2 31. Ra8+ Kg7 32. Qh4 {Weighted Error Value: White=0.23/Black=0.72} 1-0

[Event "Asian Academies Hybrid Chess-ch 2021"]
[Site "Tornelo"]
[Date "2021.11.21"]
[Round "2.1"]
[White "Shadat, Kibria Ayaan"]
[Black "Mohammad Ebrahimkhan Abri, Dorsa"]
[Result "0-1"]
[WhiteElo "1623"]
[BlackElo "2017"]
[Annotator "TA"]
[PlyCount "118"]
[EventDate "2021.11.21"]
[EventCountry "NET"]
[SourceTitle "playchess.com"]
[Source "ChessBase"]
[SourceQuality "1"]

{[%evp 14,118,30,0,16,24,20,9,13,19,22,9,12,19,8,-18,-16,-25,-19,-33,-22,-34,110,111,116,110,126,133,141,140,114,68,69,73,138,42,62,60,45,22,25,-53,-51,-58,0,-29,11,0,8,0,0,0,0,0,0,0,0,0,0,-104,-50,-103,0,-588,-596,-593,-576,-520,-533,-518,-512,-826,-815,-791,-777,-822,-795,-837,-806,-1158,-1134,-29982,-29983,-29983,-29984,-29984,-29985,-29985,-29986,-29986,-29987,-29987,-29988,-29988,-29989,-29990,-29991,-29991,-29991,-29991,-29992,-29992,-29993,-29993,-29994,-29994,-29995]} 1. e4 e6 2. d4 d5 3. exd5 exd5 4. Nf3 Nc6 5. Bd3 Bd6 6. O-O Nge7 7. c3 Bg4 8. Bg5 h6 {C01: French: Exchange Variation.} 9. Bh4 O-O 10. Nbd2 Qd7 {The position is equal.} 11. Re1 Nf5 12. Qc2 Rae8 {[#]} 13. Bg3 $146 ({Predecessor:} 13. h3 Nxh4 14. Nxh4 Bxh3 15. gxh3 Qxh3 16. Ndf3 Qg4+ 17. Kf1 Qh3+ 18. Kg1 Qg4+ {½-½ (18) Jevtic,M (2112)-Jankovic,S (1926) Belgrade 2005}) 13... Nxg3 14. fxg3 Rxe1+ 15. Rxe1 Re8 16. Rxe8+ Qxe8 17. Kf2 a6 (17... Be6 $15) 18. Qb3 $1 $16 {[%csl LRb7,LRd5][%mdl 64] Double Attack} b5 19. Qxd5 Be6 20. Qe4 {d5 is the strong threat.} f5 21. Qe3 {Strongly threatening d5!} Qf7 22. b3 g5 23. Kg1 g4 {[#]} ({Black should play} 23... Qe7) 24. Ne5 ({Don't play} 24. Qxh6 $6 gxf3 25. Nxf3 Bf8 $11) (24. Nh4 $1 $16) 24... Bxe5 $14 25. dxe5 Qg7 26. c4 (26. Qc5 {is more complex.} Nxe5 27. Bc2 c6 28. Nf1 h5 29. Ne3) 26... Qxe5 27. Qxe5 (27. Kf2 $11) 27... Nxe5 $11 {[%mdl 4096] Endgame KBN-KBN} 28. Be2 Bd7 (28... b4 $15) 29. Kf2 Kg7 30. Ke3 c5 31. cxb5 axb5 32. a3 Kf6 33. Bf1 Bc6 34. b4 c4 35. Kd4 Ke6 36. a4 (36. Nb1 $11) 36... bxa4 $17 {Hoping for ...a3.} 37. Nxc4 {[#]} (37. Bxc4+ $15 Nxc4 38. Nxc4) 37... Bb5 $1 38. Kc5 $2 {[%mdl 8192] [#] Black converts the advantage convincingly.} (38. Ne3 $11 {and White is okay.} Bxf1 39. Nxf1) (38. Nd2 Nc6+) 38... a3 $1 $19 39. Nxa3 Bxf1 40. Nc2 Nd7+ 41. Kd4 Bxg2 42. b5 (42. Kc3 $142) 42... Bf1 43. Ke3 Nb6 44. Kd4 Bxb5 45. Kc5 Ba4 46. Nd4+ Ke5 47. Nxf5 Nd7+ {Black mates.} 48. Kb4 Kxf5 49. Kxa4 {KN-KPP} Ne5 50. Kb4 Nf3 51. Kc3 Nxh2 {KN-KP} 52. Kd3 Nf1 53. Ke2 Nxg3+ 54. Kf2 Kf4 55. Kg2 h5 56. Kf2 h4 57. Kg2 Ne4 58. Kh2 Kf3 59. Kg1 g3 {Weighted Error Value: White=0.64/Black=0.14} 0-1

[Event "Asian Academies Hybrid Chess-ch 2021"]
[Site "Tornelo"]
[Date "2021.11.21"]
[Round "2.1"]
[White "Mohammadi, Maryam"]
[Black "Ahmed, Walijah"]
[Result "0-1"]
[WhiteElo "1163"]
[BlackElo "1975"]
[Annotator "TA"]
[PlyCount "70"]
[EventDate "2021.11.21"]
[EventCountry "NET"]
[SourceTitle "playchess.com"]
[Source "ChessBase"]
[SourceQuality "1"]

{[%evp 20,70,20,20,91,52,70,5,142,158,148,143,143,159,183,169,167,178,211,162,216,189,200,137,190,183,199,152,186,157,158,152,205,200,265,252,303,303,303,302,302,302,383,383,383,383,383,305,298,272,376,-1323,-1355]} 1. d4 d5 2. c4 e6 3. Nc3 c5 4. cxd5 exd5 5. Nf3 Nc6 6. g3 Nf6 7. Bg2 Be7 8. O-O O-O 9. Bg5 c4 10. Ne5 Be6 11. f4 {next f5 is good for White.} g6 {D34: Tarrasch Defence: 6 g3 Nf6 7 Bg2 Be7.} (11... h6 $11 12. Bxf6 Bxf6) 12. e3 Kg7 13. Qf3 {[#]} ({Better is} 13. Bxf6+ $14 Bxf6 14. Qf3) 13... Qb6 $146 (13... Ng8 $11 {remains equal.}) ({Predecessor:} 13... Ng8 14. Bxe7 Ngxe7 15. Na4 f5 16. Nc5 Bc8 17. b3 Nxe5 18. dxe5 Qa5 19. Na4 b5 {½-½ (27) Stancu Filipescu,D (1675)-Secrieru,A (1822) Calimanesti Caciulata 2016}) 14. Bxf6+ $16 Bxf6 15. Nxd5 Bxd5 16. Qxd5 {[%mdl 64] [#] Double Attack} Nxe5 17. fxe5 Bg5 18. Rae1 (18. Qxc4 Bxe3+ 19. Kh1 Bxd4 $11) (18. Qxb7 Qxb7 19. Bxb7 Bxe3+ 20. Kh1 Rab8 $11) 18... Qxb2 19. h4 ({Don't play} 19. Qxb7 $6 Qxb7 20. Bxb7 Rab8 $16) 19... Bh6 (19... Rad8 $142 20. Qxc4 Bh6) 20. Qxc4 Rac8 21. Qe2 Rc2 (21... Qxe2 $16 22. Rxe2 Rc3) 22. Qf3 $18 Qxa2 23. Qxb7 {Bd5 is the strong threat.} Rb2 {[#]} 24. Bd5 {[%cal Rf1f7] Intending Rxf7+! and mate.} Rxb7 25. Bxa2 Rc8 (25... g5 $16 {was called for.} 26. Rf5 g4) 26. g4 {aiming for g5.} Kf8 27. e6 Rc3 28. g5 ({Worse is} 28. exf7 Bxe3+ 29. Kh1 Rb4 $11) 28... Bg7 29. Rxf7+ ({But not} 29. exf7 $6 Rb2 $18) 29... Rxf7 30. exf7 {[%mdl 4096] Endgame KRB-KRB} Ra3 31. Be6 Ra6 32. d5 Rd6 33. Rb1 {Rb8+ would kill now.} Rd8 34. Rb7 Ra8 35. Re7 $4 {[%mdl 8192]} Kxe7 {Weighted Error Value: White=0.53/Black=0.41} 0-1

[Event "Asian Academies Hybrid Chess-ch 2021"]
[Site "Tornelo"]
[Date "2021.11.21"]
[Round "2.3"]
[White "De Silva, L M S T"]
[Black "Husam Al-Dain Abdulhakim Nashe"]
[Result "1-0"]
[WhiteElo "2085"]
[BlackElo "1342"]
[Annotator "TA"]
[PlyCount "81"]
[EventDate "2021.11.21"]
[EventCountry "NET"]
[SourceTitle "playchess.com"]
[Source "ChessBase"]
[SourceQuality "1"]

{[%evp 16,80,79,0,0,3,10,-29,-25,-19,6,-10,8,8,6,7,54,22,32,-35,-47,-45,77,77,112,123,130,123,101,68,72,64,64,88,76,42,177,168,155,161,153,156,304,299,295,272,302,216,207,159,274,266,379,371,519,319,530,518,656,327,847,866,844,834,29989,29990,29999]} 1. e4 d5 2. exd5 Qxd5 3. Nc3 Qa5 4. d4 c6 5. Nf3 Nf6 6. Bc4 Bf5 7. Bd2 Qc7 8. Ne5 e6 9. O-O (9. g4 $16 Bg6 10. Qe2) 9... Nbd7 $11 {B01: Scandinavian Defence.} 10. Qe2 Bd6 {[%cal Rd7e5]} 11. f4 O-O {Black has an edge.} 12. Bb3 Rad8 {[#]} 13. Kh1 $146 ({Predecessor:} 13. Rae1 Nb6 14. Nd1 Ne4 15. c4 Nxd2 16. Qxd2 f6 17. Nd3 Bxd3 18. Qxd3 Bxf4 19. g3 {0-1 (36) Schroeder,J-Mierendorf,W Korbach 2007}) 13... Nb6 14. Be1 Nbd5 15. Bh4 Be7 16. Bxf6 Nxf6 17. Rad1 (17. g4 $14 Bg6 18. Rae1) 17... h5 $15 18. h3 Bb4 {[#]} (18... h4 $15 {stays ahead.}) 19. g4 $1 $16 {[%cal Rg4f5]} hxg4 20. hxg4 Bh7 {[#]} 21. g5 $1 {[%cal Rg5f6]} Nd5 22. Qh5 {Strongly threatening Bxd5.} Bxc3 ({Don't blunder} 22... Nxc3 $2 23. bxc3 Be4+ 24. Kg1 $18) 23. bxc3 {[%cal Bb2c3,Bc3c4][%mdl 32] Rd2 is the strong threat.} Be4+ 24. Kg1 $1 g6 25. Qh6 {Threatens to win with Rd2.} Ne3 {Loses the game.} ({Worse is} 25... Nxc3 26. Ng4 Qe7 27. Nf6+ Qxf6 28. gxf6 Ne2+ 29. Kh2 Nxd4 30. Qg7#) ({Better is} 25... f6 $1 $14 26. Nxg6 Bxg6 27. Qxg6+ Qg7) 26. Rde1 Nf5 27. Qh3 Bd5 {And now ...Kg7 would win.} 28. c4 $40 {[%mdl 128] White attacks with force.} Qb6 (28... Kg7 $16 29. cxd5 cxd5) 29. c3 Kg7 {aiming for ...Rh8.} 30. cxd5 Rh8 31. Qd3 cxd5 32. Kg2 a5 (32... Qa5 $16 {was necessary.} 33. Rh1 Rc8) 33. Rh1 Nh4+ (33... a4 $142) 34. Kf2 $18 Ra8 35. Re3 Nf5 $2 (35... Nf3 {might work better.}) 36. Reh3 Nd6 37. Nd7 (37. Kg1 $142 Qc7 38. Qg3) 37... Qc6 $2 (37... Qb5 38. Qxb5 Nxb5) 38. Nf6 {Intending Rxh8 and mate.} Ne4+ 39. Kg2 Rxh3 40. Qxh3 {[%csl Gg5,Gh1][%cal Rh3h6]} Qb5 41. Qh6# {Weighted Error Value: White=0.36/Black=0.74} 1-0

[Event "Asian Academies Hybrid Chess-ch 2021"]
[Site "Tornelo"]
[Date "2021.11.21"]
[Round "2.3"]
[White "Khaled waleed Abdullah"]
[Black "Amarathunga, Kosala Sandeepa Cham"]
[Result "1/2-1/2"]
[WhiteElo "1568"]
[BlackElo "1353"]
[Annotator "NA RC"]
[PlyCount "60"]
[EventDate "2021.11.21"]
[EventCountry "NET"]
[SourceTitle "playchess.com"]
[Source "ChessBase"]
[SourceQuality "1"]
[TimeControl "3600+30"]

1. e4 {[%emt 0:00:30]} e6 {[%emt 0:01:06]} 2. d4 {[%emt 0:00:12]} d5 {[%emt 0:00:42]} 3. Nc3 {[%emt 0:00:17]} Bb4 {[%emt 0:00:56]} 4. e5 {[%emt 0:02:55]} c5 {[%emt 0:01:17]} 5. a3 {[%emt 0:00:07]} Bxc3+ {[%emt 0:00:13]} 6. bxc3 {[%emt 0:00:11]} Ne7 {[%emt 0:00:23]} 7. Qg4 {[%emt 0:00:15]} cxd4 {[%emt 0:00:17]} 8. Qxg7 {[%emt 0:01:48]} Rg8 {[%emt 0:00:17]} 9. Qxh7 {[%emt 0:00:05]} Qc7 {[%emt 0:00:09]} 10. Ne2 {[%emt 0:01:28]} dxc3 {[%emt 0:03:17]} 11. f4 {[%emt 0:01:37]} Nbc6 {[%emt 0:08:18]} 12. Qd3 {[%emt 0:00:12]} Bd7 {[%emt 0:12:54]} 13. Rb1 {[%emt 0:01:45]} Nf5 {[%emt 0:03:17]} 14. Nxc3 {[%emt 0:02:29]} a6 {[%emt 0:00:52]} 15. g4 {[%emt 0:07:40]} Rxg4 {[%emt 0:16:13]} 16. Bh3 {[%emt 0:03:20]} Nxe5 {[%emt 0:00:16]} 17. fxe5 {[%emt 0:00:37]} Qxe5+ {[%emt 0:00:21]} 18. Ne2 {[%emt 0:11:28]} Re4 {[%emt 0:00:05]} 19. Rb4 {[%emt 0:08:24]} Rxb4 {[%emt 0:02:28]} 20. axb4 {[%emt 0:01:01]} Bb5 {[%emt 0:00:03]} 21. Bf4 {[%emt 0:03:46]} Qh8 {[%emt 0:02:33]} 22. Qc3 {[%emt 0:10:56]} Qh4+ {[%emt 0:00:08]} 23. Kd2 {[%emt 0:05:51]} d4 {[%emt 0:02:38]} 24. Qf3 {[%emt 0:02:51]} Bxe2 {[%emt 0:00:05]} 25. Kxe2 {[%emt 0:00:38]} d3+ {[%emt 0:00:04]} 26. Kd2 {[%emt 0:01:01]} Nd4 {[%emt 0:01:01]} 27. Qg4 {[%emt 0:00:39]} Qf2+ {[%emt 0:00:35]} 28. Kxd3 {[%emt 0:00:29]} Qxc2+ {[%emt 0:03:17]} 29. Ke3 {[%emt 0:00:54]} Nf5+ {[%emt 0:00:09]} 30. Kf3 {[%emt 0:00:11]} Nd4+ {[%emt 0:00:21]} 1/2-1/2

[Event "Asian Academies Hybrid Chess-ch 2021"]
[Site "Tornelo"]
[Date "2021.11.21"]
[Round "2.4"]
[White "Kazi Afsan Rawnak, Anan"]
[Black "Naimanov, Galymzhan"]
[Result "0-1"]
[WhiteElo "1410"]
[BlackElo "1256"]
[Annotator "NA RC"]
[PlyCount "52"]
[EventDate "2021.11.21"]
[EventCountry "NET"]
[SourceTitle "playchess.com"]
[Source "ChessBase"]
[SourceQuality "1"]
[TimeControl "3600+30"]

1. e4 {[%emt 0:00:30]} c5 {[%emt 0:00:37]} 2. Nf3 {[%emt 0:00:04]} e6 {[%emt 0:00:02]} 3. d4 {[%emt 0:00:13]} cxd4 {[%emt 0:00:06]} 4. Nxd4 {[%emt 0:00:03]} Nf6 {[%emt 0:00:04]} 5. f3 {[%emt 0:01:47]} d5 {[%emt 0:00:33]} 6. exd5 {[%emt 0:00:29]} Nxd5 {[%emt 0:00:33]} 7. c4 {[%emt 0:00:57]} Bb4+ {[%emt 0:04:27]} 8. Bd2 {[%emt 0:04:26]} Qh4+ {[%emt 0:02:35]} 9. g3 {[%emt 0:04:44]} Qxd4 {[%emt 0:01:07]} 10. cxd5 {[%emt 0:04:34]} Qxb2 {[%emt 0:09:08]} 11. Nc3 {[%emt 0:09:39]} Bxc3 {[%emt 0:00:25]} 12. Bxc3 {[%emt 0:00:44]} Qxc3+ {[%emt 0:00:05]} 13. Kf2 {[%emt 0:00:02]} O-O {[%emt 0:01:32]} 14. d6 {[%emt 0:00:27]} Bd7 {[%emt 0:02:08]} 15. Rc1 {[%emt 0:08:27]} Qb2+ {[%emt 0:00:31]} 16. Rc2 {[%emt 0:00:32]} Qb6+ {[%emt 0:00:18]} 17. Ke1 {[%emt 0:00:39]} Ba4 {[%emt 0:00:59]} 18. Rb2 {[%emt 0:00:43]} Bxd1 {[%emt 0:00:46]} 19. Rxb6 {[%emt 0:00:06]} Bxf3 {[%emt 0:00:09]} 20. Rb3 {[%emt 0:00:59]} Bxh1 {[%emt 0:00:06]} 21. Rd3 {[%emt 0:00:11]} Nd7 {[%emt 0:00:07]} 22. Be2 {[%emt 0:00:05]} Rac8 {[%emt 0:00:04]} 23. Kd2 {[%emt 0:00:10]} Rfd8 {[%emt 0:00:04]} 24. Bd1 {[%emt 0:00:05]} Nc5 {[%emt 0:00:11]} 25. Rd4 {[%emt 0:00:12]} Rxd6 {[%emt 0:00:03]} 26. Rxd6 {[%emt 0:00:17]} Ne4+ {[%emt 0:00:02]} 0-1

[Event "Asian Academies Hybrid Chess-ch 2021"]
[Site "Tornelo"]
[Date "2021.11.21"]
[Round "2.4"]
[White "Galiakbarov, Aldiyar"]
[Black "Aiyan, Rahman"]
[Result "1-0"]
[WhiteElo "1141"]
[BlackElo "1250"]
[Annotator "NA RC"]
[PlyCount "71"]
[EventDate "2021.11.21"]
[EventCountry "NET"]
[SourceTitle "playchess.com"]
[Source "ChessBase"]
[SourceQuality "1"]
[TimeControl "3600+30"]

1. e4 {[%emt 0:00:30]} e5 {[%emt 0:00:36]} 2. Nf3 {[%emt 0:00:04]} Nc6 {[%emt 0:00:05]} 3. d4 {[%emt 0:00:02]} exd4 {[%emt 0:00:03]} 4. Bc4 {[%emt 0:00:02]} Be7 {[%emt 0:00:09]} 5. c3 {[%emt 0:00:04]} dxc3 {[%emt 0:00:37]} 6. Qd5 {[%emt 0:00:04]} Nh6 {[%emt 0:01:37]} 7. Bxh6 {[%emt 0:00:06]} O-O {[%emt 0:00:02]} 8. Nxc3 {[%emt 0:00:04]} gxh6 {[%emt 0:00:02]} 9. Qh5 {[%emt 0:00:09]} Bf6 {[%emt 0:00:31]} 10. Qxh6 {[%emt 0:00:26]} Bg7 {[%emt 0:00:03]} 11. Qh5 {[%emt 0:00:05]} d6 {[%emt 0:00:53]} 12. Ng5 {[%emt 0:00:55]} h6 {[%emt 0:00:40]} 13. Nxf7 {[%emt 0:00:35]} Kh7 {[%emt 0:00:07]} 14. Nxd8 {[%emt 0:00:08]} Rxd8 {[%emt 0:00:12]} 15. O-O {[%emt 0:00:20]} Ne5 {[%emt 0:00:03]} 16. Be2 {[%emt 0:00:11]} Be6 {[%emt 0:00:09]} 17. f4 {[%emt 0:00:12]} Bf7 {[%emt 0:00:07]} 18. Qh4 {[%emt 0:00:15]} Ng6 {[%emt 0:00:14]} 19. Qg3 {[%emt 0:00:07]} Bd4+ {[%emt 0:00:12]} 20. Kh1 {[%emt 0:00:07]} Rg8 {[%emt 0:00:07]} 21. Qd3 {[%emt 0:00:11]} Bf6 {[%emt 0:00:13]} 22. e5 {[%emt 0:00:13]} Bg7 {[%emt 0:00:12]} 23. Bh5 {[%emt 0:00:56]} Rad8 {[%emt 0:00:19]} 24. e6 {[%emt 0:00:21]} Be8 {[%emt 0:00:18]} 25. Nd5 {[%emt 0:00:26]} c6 {[%emt 0:00:49]} 26. Ne7 {[%emt 0:00:10]} Bf6 {[%emt 0:00:05]} 27. Nxg8 {[%emt 0:00:11]} Kxg8 {[%emt 0:00:05]} 28. Bxg6 {[%emt 0:00:04]} Bxg6 {[%emt 0:00:02]} 29. Qxg6+ {[%emt 0:00:03]} Bg7 {[%emt 0:00:15]} 30. e7 {[%emt 0:00:03]} Ra8 {[%emt 0:00:04]} 31. f5 {[%emt 0:00:06]} Kh8 {[%emt 0:00:03]} 32. f6 {[%emt 0:00:04]} Bxf6 {[%emt 0:00:02]} 33. Qxf6+ {[%emt 0:00:02]} Kg8 {[%emt 0:00:01]} 34. Qg6+ {[%emt 0:00:02]} Kh8 {[%emt 0:00:03]} 35. Rf8+ {[%emt 0:00:02]} Rxf8 {[%emt 0:00:01]} 36. exf8=R# {[%emt 0:00:07]} 1-0

[Event "Asian Academies Hybrid Chess-ch 2021"]
[Site "Tornelo"]
[Date "2021.11.21"]
[Round "2.4"]
[White "Omarova, Aisha"]
[Black "Wadifa, Ahmed"]
[Result "0-1"]
[WhiteElo "1012"]
[BlackElo "1759"]
[Annotator "NA RC"]
[PlyCount "114"]
[EventDate "2021.11.21"]
[EventCountry "NET"]
[SourceTitle "playchess.com"]
[Source "ChessBase"]
[SourceQuality "1"]
[TimeControl "3600+30"]

1. c4 {[%emt 0:00:30]} Nf6 {[%emt 0:00:53]} 2. Nc3 {[%emt 0:00:05]} g6 {[%emt 0:00:02]} 3. e3 {[%emt 0:00:03]} Bg7 {[%emt 0:00:02]} 4. Nf3 {[%emt 0:00:02]} O-O {[%emt 0:00:01]} 5. d4 {[%emt 0:00:15]} d6 {[%emt 0:00:07]} 6. a3 {[%emt 0:00:05]} c5 {[%emt 0:00:35]} 7. Be2 {[%emt 0:01:20]} Nbd7 {[%emt 0:00:51]} 8. O-O {[%emt 0:02:48]} a6 {[%emt 0:01:28]} 9. Nd2 {[%emt 0:05:07]} cxd4 {[%emt 0:02:37]} 10. exd4 {[%emt 0:00:30]} Qb6 {[%emt 0:00:26]} 11. d5 {[%emt 0:09:47]} Ne5 {[%emt 0:00:41]} 12. Nf3 {[%emt 0:03:27]} Nxf3+ {[%emt 0:02:23]} 13. Bxf3 {[%emt 0:06:15]} Bf5 {[%emt 0:00:36]} 14. Re1 {[%emt 0:00:47]} Qc7 {[%emt 0:03:03]} 15. Be3 {[%emt 0:00:56]} Rac8 {[%emt 0:00:48]} 16. Na4 {[%emt 0:03:05]} b5 {[%emt 0:10:38]} 17. cxb5 {[%emt 0:00:35]} axb5 {[%emt 0:00:04]} 18. Rc1 {[%emt 0:00:36]} Qb7 {[%emt 0:00:45]} 19. Nc3 {[%emt 0:05:39]} b4 {[%emt 0:00:47]} 20. Na4 {[%emt 0:00:57]} Rxc1 {[%emt 0:00:35]} 21. Qxc1 {[%emt 0:00:42]} Rc8 {[%emt 0:02:28]} 22. Qd2 {[%emt 0:01:49]} bxa3 {[%emt 0:00:11]} 23. bxa3 {[%emt 0:02:05]} Ra8 {[%emt 0:02:50]} 24. Qd4 {[%emt 0:12:33]} Nxd5 {[%emt 0:03:46]} 25. Qxd5 {[%emt 0:04:48]} Qxd5 {[%emt 0:00:37]} 26. Bxd5 {[%emt 0:00:03]} Rxa4 {[%emt 0:00:02]} 27. Bc1 {[%emt 0:00:06]} Rd4 {[%emt 0:01:42]} 28. Bb7 {[%emt 0:02:00]} Bd7 {[%emt 0:00:44]} 29. g3 {[%emt 0:01:05]} e6 {[%emt 0:00:42]} 30. Bb2 {[%emt 0:00:12]} Ra4 {[%emt 0:01:21]} 31. Bc1 {[%emt 0:01:33]} d5 {[%emt 0:00:09]} 32. Re3 {[%emt 0:00:41]} Bh6 {[%emt 0:05:35]} 33. Rc3 {[%emt 0:01:53]} Bxc1 {[%emt 0:00:06]} 34. Rxc1 {[%emt 0:00:04]} Rxa3 {[%emt 0:00:29]} 35. Rc7 {[%emt 0:00:03]} Bb5 {[%emt 0:00:03]} 36. h4 {[%emt 0:00:47]} h5 {[%emt 0:00:20]} 37. Rc8+ {[%emt 0:01:52]} Kg7 {[%emt 0:00:03]} 38. Rc7 {[%emt 0:00:16]} Ra7 {[%emt 0:00:13]} 39. Kh2 {[%emt 0:00:36]} Ba6 {[%emt 0:00:10]} 40. f4 {[%emt 0:00:31]} Rxb7 {[%emt 0:00:05]} 41. Rxb7 {[%emt 0:00:03]} Bxb7 {[%emt 0:00:02]} 42. Kg1 {[%emt 0:00:02]} Kf6 {[%emt 0:00:02]} 43. Kf2 {[%emt 0:00:02]} Kf5 {[%emt 0:00:01]} 44. Ke3 {[%emt 0:00:06]} Kg4 {[%emt 0:00:05]} 45. Kf2 {[%emt 0:00:03]} d4 {[%emt 0:00:02]} 46. Ke2 {[%emt 0:00:14]} Be4 {[%emt 0:00:03]} 47. Kf2 {[%emt 0:00:08]} Kh3 {[%emt 0:00:03]} 48. Ke2 {[%emt 0:00:04]} Kxg3 {[%emt 0:00:01]} 49. Kf1 {[%emt 0:00:06]} d3 {[%emt 0:00:06]} 50. Ke1 {[%emt 0:00:03]} Kxf4 {[%emt 0:00:02]} 51. Kd2 {[%emt 0:00:02]} e5 {[%emt 0:00:02]} 52. Ke1 {[%emt 0:00:03]} Ke3 {[%emt 0:00:02]} 53. Kd1 {[%emt 0:00:02]} Bf3+ {[%emt 0:00:05]} 54. Kc1 {[%emt 0:00:03]} d2+ {[%emt 0:00:02]} 55. Kb2 {[%emt 0:00:03]} d1=Q {[%emt 0:00:03]} 56. Ka2 {[%emt 0:00:02]} Bd5+ {[%emt 0:00:03]} 57. Ka3 {[%emt 0:00:04]} Qb3# {[%emt 0:00:02]} 0-1